000 00674cam a2200229 a 4500
020 _a1559349581
040 _cDLC
082 0 0 _a808 MAY 1997 A093 Or.
245 0 0 _aTransitions :
_blives in America /
260 _aMountain View, Calif. :
_bMayfield Pub. Co.,
_c1997.
300 _axxiv, 644 p. :
_bill. ;
_c24 cm.
650 0 _aReaders
650 0 _aReport writing
650 0 _aEnglish language
650 0 _aReaders
650 0 _aCollege readers.
700 1 _aRaicu, Irina L.
700 1 _aGrewell, Gregory.
856 4 2 _uhttp://www.loc.gov/catdir/description/mh024/97012825.html
856 4 1 _uhttp://www.loc.gov/catdir/toc/mh023/97012825.html
942 _cEK
999 _c13517
_d13517